banner-ar

Wonderful things : (Record no. 63221)

MARC details
000 -الفاتح
حقل البيانات ثابتة الطول 01988cam a22004575i 4500
005 - وقت وتاريخ اخر تعامل مع التسجيلة
رقم الضبط 20240530110629.0
008 - عناصر البيانات ثابتة الطول - معلومات عامة
حقل البيانات ثابتة الطول 150612m20159999ua b b 001 0 eng c
020 ## - الرقم الدولى المعيارى للكتب
الرقم الدولى المعيارى للكتاب 9789774165993
-- (v. 1)
020 ## - الرقم الدولى المعيارى للكتب
الرقم الدولى المعيارى للكتاب 9774165993
-- (v. 1)
020 ## - الرقم الدولى المعيارى للكتب
الرقم الدولى المعيارى للكتاب 9789774166921
-- (v. 2)
020 ## - الرقم الدولى المعيارى للكتب
الرقم الدولى المعيارى للكتاب 9774166922
-- (v. 2)
035 ## - رقم ضبط النظام
رقم ضبط النظام (OCoLC)ocn905954887
040 ## - مصدر الفهرسة
وكالة الفهرسة الأصلية YDXCP
لغة الفهرسة eng
وكالة النسخ YDXCP
قواعد الوصف rda
وكالة التعديل DLC
-- ZCU
-- IUL
-- OSU
-- CUY
-- DLC
042 ## -
-- lccopycat
-- pcc
043 ## - رمز المنطقة الجغرافية
رمز المنطقة الجغرافية f-ua---
082 04 - رقم تصنيف ديوى العشرى
رقم الطبعة 23
رقم التصنيف 932
رقم المادة CC/T W
100 1# - المدخل الرئيسى - إسم شخصى
الإسم الشخصى Thompson, Jason,
التواريخ المصاحبة للاسم 1950-
الدور author.
245 10 - بيان العنوان
العنوان Wonderful things :
بقية العنوان a history of Egyptology /
بيان المسئوليه,etc Jason Thompson.
300 ## - الوصف المادى
التعداد volumes <1-2> :
تفاصيل ماديه اخرى للوعاء maps ;
أبعاد الوعاء 24 cm
500 ## - تبصرة عامة
تبصرة عامة Projected to be complete in 3 volumes.
504 ## - تبصرة ببليوجرافية
تبصرة ببليوجرافية,الخ Includes bibliographical references and indexes.
650 #0 - المدخل الاضافى بالموضوع-مصطلح موضوعى
مصطلح موضوعي Egyptology
التقسيم الفرعي العام History.
650 #7 - المدخل الاضافى بالموضوع-مصطلح موضوعى
مصطلح موضوعي Antiquities.
مصدر الرأس أو المصطلح fast
650 #7 - المدخل الاضافى بالموضوع-مصطلح موضوعى
مصطلح موضوعي Egyptology.
مصدر الرأس أو المصطلح fast
651 #0 - المدخل الاضافى بالموضوع - اسم جغرافى
الاسم الجغرافي Egypt
التقسيم الفرعي العام Antiquities.
651 #7 - المدخل الاضافى بالموضوع - اسم جغرافى
الاسم الجغرافي Egypt.
مصدر الرأس أو المصطلح fast
942 ## - عناصر المدخل الإضافي( كوها)
مصدر التصنيف او مخطط الترفيف Dewey Decimal Classification
Koha [default] item type كتاب
264 #1 -
-- Cairo, Egypt ;
-- New York, NY :
-- The American University in Cairo Press,
-- 2015-
336 ## -
-- text
-- rdacontent
337 ## -
-- unmediated
-- rdamedia
338 ## -
-- volume
-- rdacarrier
505 1# - تبصرة محتويات-الفهرس
تبصرة المحتويات المصاغة 1. From antiquity to 1881 -- 2. The Golden Age: 1881-1914
650 #7 - المدخل الاضافى بالموضوع-مصطلح موضوعى
-- (OCoLC)fst00810745
650 #7 - المدخل الاضافى بالموضوع-مصطلح موضوعى
-- (OCoLC)fst00904000
651 #7 - المدخل الاضافى بالموضوع - اسم جغرافى
-- (OCoLC)fst01208755
655 #7 - مصطلح تكشيفى-نوع/شكل
بيانات النوع/ الشكل أو المصطلح الأساسي History.
مصدر المصطلح fast
-- (OCoLC)fst01411628
856 42 - الوصول و الموقع الالكترونى
مواد محددة Contributor biographical information
معرف المصدر الموحد http://catdir.loc.gov/catdir/enhancements/fy1516/2015413557-b.html
856 42 - الوصول و الموقع الالكترونى
مواد محددة Publisher description
معرف المصدر الموحد http://catdir.loc.gov/catdir/enhancements/fy1516/2015413557-d.html
856 41 - الوصول و الموقع الالكترونى
مواد محددة Table of contents only
معرف المصدر الموحد http://catdir.loc.gov/catdir/enhancements/fy1516/2015413557-t.html
906 ## - عنصر بيانات محلى F, LDF (RLIN)
a 7
b cbc
c pccadap
d 2
e ncip
f 20
g y-gencatlg
Holdings
حالة التراجع حالة الفقد مصدر التصنيف او خطة الترفيف حالة تلف ليس للاعارة المكان المؤقت الموقع الحالى موقع الترفيف تاريخ الاكتساب اجمالي اﻻعارات رقم الطلب الباركود تاريخ اخر مشاهدة تاريخ تفعيل السعر نوع وعاء كوها
    ddc     مكتبة القاهرة الكبرى مكتبة القاهرة الكبرى   01/14/2017   932 CC/T W 163193 01/14/2017 01/14/2017 كتاب

Powered By

EGPV